La Noia de la capsa de fils : memòries d'un exili no desitjat / memòries d'un exili no desitjat /
ISBN:
9788418601354
Descripción Física:
118 pàgines ; 22 cm
Colección:
Memòries (Memorial Democràtic (Catalunya))
; 5
Materias:
Oliva Berenguer, Remei, -- 1918-.
; Maternitat d'Elna (Perpignan, França)
; Maternitat d'Elna (Perpinyà, França)
; Exiliades
; Camps de concentració
; Refugiats
; Exiliades -- Catalunya -- Biografia.
; Refugiades -- França -- Biografia.
; Camps de concentració -- França -- Relats personals.
; Catalunya
; França
; Catalunya -- Història -- 1936-1939, Guerra Civil -- Refugiats.
; Guerra Civil Espanyola, 1936-1939
; Biografies
; Memòries
Idioma:
Catalán
MARC
| LEADER | 00000pam a2200000 i 4500 | ||
|---|---|---|---|
| 001 | 24947 | ||
| 005 | 20260324180720.0 | ||
| 008 | 210311s2021 spc 000 0acat| | ||
| 015 | |a LL2021 |2 bnc | ||
| 017 | |a DL B 5592-2021 |b Biblioteca de Catalunya | ||
| 020 | |a 9788418601354 | ||
| 035 | |a (ES-BaCBU)b75118166-34csuc_network | ||
| 035 | |a (ES-BaCBU).b75118166 | ||
| 035 | |a (ccuc001)b75118166 | ||
| 040 | |a ES-BaBC |b cat |e rda |c ES-BaBC |d ES-BaBC | ||
| 043 | |a e-sp--- |b e-spc-- |2 catmarc | ||
| 043 | |a e-fr--- | ||
| 080 | |a 929Oliva Berenguer, Remei |2 2004 | ||
| 080 | |a 343.819.5 |x (44) |x "19" |2 2004 | ||
| 080 | |a 94 |x -054.73 |x (460.23) |x "1936/1939" |2 2004 | ||
| 100 | 1 | |a Oliva Berenguer, Remei, |d 1918- |e autor | |
| 245 | 1 | 3 | |a La Noia de la capsa de fils : |b memòries d'un exili no desitjat / |c Remei Oliva Berenguer |
| 264 | 1 | |a Barcelona : |b Memorial Democràtic, |c [2021] | |
| 300 | |a 118 pàgines ; |c 22 cm | ||
| 336 | |a text |b txt |2 rdacontent | ||
| 337 | |a sense mediació |b n |2 rdamedia | ||
| 338 | |a volum |b nc |2 rdacarrier | ||
| 490 | 1 | |a Col·lecció Memòries ; |v 5 | |
| 600 | 1 | 7 | |a Oliva Berenguer, Remei, |d 1918-. |2 cantic |
| 600 | 1 | 7 | |a Oliva Berenguer, Remei, |d 1918-. |2 lemac |
| 610 | 2 | 7 | |a Maternitat d'Elna (Perpignan, França) |2 cantic |
| 610 | 2 | 7 | |a Maternitat d'Elna (Perpinyà, França) |2 lemac |
| 650 | 7 | |a Exiliades |2 thub | |
| 650 | 7 | |a Camps de concentració |2 thub | |
| 650 | |a Refugiats |2 thub |9 25457 | ||
| 650 | 7 | |a Exiliades |z Catalunya |x Biografia. |2 lemac | |
| 650 | 7 | |a Refugiades |z França |x Biografia. |2 lemac | |
| 650 | 7 | |a Camps de concentració |z França |v Relats personals. |2 lemac | |
| 651 | 7 | |a Catalunya |2 thub |9 51009 | |
| 651 | 7 | |a França |2 thub |9 51041 | |
| 651 | 7 | |a Catalunya |x Història |y 1936-1939, Guerra Civil |x Refugiats. |2 lemac | |
| 653 | |a Guerra Civil Espanyola, 1936-1939 | ||
| 655 | 7 | |a Biografies |2 thub | |
| 655 | 7 | |a Memòries |2 thub | |
| 710 | 2 | |a Memorial Democràtic (Catalunya) |9 52410 | |
| 830 | 0 | |a Memòries (Memorial Democràtic (Catalunya)) ; |v 5 | |
| 907 | |a .b75118166 |b 22-06-21 |c 11-03-21 |d 11-03-21 |e m |f a |g - |h cat |i spc |j 0 |k 0 | ||
| 908 | |a MD |a CLR |a UdL |a BAB |a BPC |a URV |a BMON |a UB |a UAB |a ICD |a ICAB |a BC |a GCDSO | ||
| 940 | |a BC | ||
| 942 | |c ARXIU |n 1 | ||
| 952 | |0 0 |1 0 |4 0 |6 BIB284 |7 1 |9 60758 |a Arxiu |b Arxiu |d 2021-10-25 |l 0 |o Bib-284 |p 24947 |r 2021-10-25 00:00:00 |w 2021-10-25 |y ARXIU | ||
| 999 | |c 80891 |d 80891 | ||